| 000 | 00687nam a22002295i 4500 | ||
|---|---|---|---|
| 001 | 175979 | ||
| 003 | ES-MaACL | ||
| 005 | 20231219062536.0 | ||
| 008 | 101003s2010 sp |||| | spa d | ||
| 020 | _a978-84-8374-822-0 | ||
| 080 | _a821.134.2-14"19" | ||
| 100 | 1 |
_aRivera Cross, Mariano. _9144175 |
|
| 245 | 1 | 3 |
_aEl software de la inmortalidad / _cMariano Rivera Cross ; prólogo de José Luis Abellán. |
| 250 | _a1ª ed. | ||
| 260 |
_aVizcaya : _bHuerga y Fierro, _c2010. |
||
| 300 |
_a61 p. ; _c22 cm. |
||
| 490 | 1 | _aPoesía | |
| 700 | 1 |
_aAbellán, José Luis, _d1933-2023 _9176509 |
|
| 830 | 0 |
_aPoesía _9177794 |
|
| 852 |
_aES-MaACL _j2269-F-14 |
||
| 999 |
_c175979 _d175979 |
||